Bước đầu đánh giá tiềm năng tư nhiên và nhân văn phục vụ phát triển du lịch Hà Tĩnh
Cơ sở lí luận chung. Khái quát điều kiện tự nhiên và kinh tế - xã hội tỉnh Hà tĩnh. Đánh giá tiềm năng du lịch Hà Tĩnh.
Uloženo v:
| Hlavní autor: | |
|---|---|
| Další autoři: | |
| Médium: | Kniha |
| Jazyk: | Vietnamese |
| Vydáno: |
Đại học Đà Nẵng
Trường Đại học Sư phạm
2008
|
| Edice: | Khóa luận tốt nghiệp Đại học. Chuyên ngành: Cử nhân Địa lý
|
| Témata: | |
| Tagy: |
Přidat tag
Žádné tagy, Buďte první, kdo otaguje tento záznam!
|
| Thư viện lưu trữ: | Mạng thư viện Đại học Đà Nẵng |
|---|
| LEADER | 01532nam a2200349 4500 | ||
|---|---|---|---|
| 001 | 000011097 | ||
| 003 | 7326 | ||
| 005 | 20120202070206.0 | ||
| 008 | 120202s2008 viesd | ||
| 041 | |a vie | ||
| 072 | |a Khóa luận tốt nghiệp | ||
| 082 | |a 910.202597 |b NG-T | ||
| 100 | 1 | |a Nguyễn, Văn Tuấn | |
| 245 | 1 | |a Bước đầu đánh giá tiềm năng tư nhiên và nhân văn phục vụ phát triển du lịch Hà Tĩnh |c Nguyễn, Văn Tuấn | |
| 260 | |a Đại học Đà Nẵng |b Trường Đại học Sư phạm |c 2008 | ||
| 300 | |a 66 tr. |b bản đồ + ảnh m.họa |c 29 cm | ||
| 490 | |a Khóa luận tốt nghiệp Đại học. Chuyên ngành: Cử nhân Địa lý | ||
| 500 | |a Tham khảo cuối bài | ||
| 520 | |a Cơ sở lí luận chung. Khái quát điều kiện tự nhiên và kinh tế - xã hội tỉnh Hà tĩnh. Đánh giá tiềm năng du lịch Hà Tĩnh. | ||
| 653 | |a Khóa luận tốt nghiệp Đại học | ||
| 653 | |a Khoa Địa lý | ||
| 700 | 1 | |a Đậu, Thị Hòa |c TS |e Hướng dẫn | |
| OWN | |a LSP | ||
| AVA | |a UDN50 |b LSP |d 910.202597 NG-T |e available |t Error 5001 Not defined in file expand_doc_bib_avail. |f 1 |g 0 |h N |i 0 |k 1 | ||
| 999 | |a From the UDN01 | ||
| AVA | |a UDN50 |b LSP |d 910.202597 NG-T |e available |t Error 5001 Not defined in file expand_doc_bib_avail. |f 1 |g 0 |h N |i 0 |k 1 | ||
| TYP | |a Monograph | ||
| TYP | |a Printed language | ||
| 980 | |a Mạng thư viện Đại học Đà Nẵng | ||